Estatuto aduanero concordado

Bibliographic Details
Main Author: Guacaneme P., Ramn̤ Eduardo
Format: eBook
Language:Spanish
Published: Bogot:̀ Grupo Editorial Nueva Legislacin̤, 2021
Subjects:
Online Access:Acceso restringido

MARC

LEADER 00000nam a22000007a 4500
005 20211119211527.0
007 cr|||| ||||
008 211119s2021 co |||||s|||| 00||0 spa d
020 |a 978-958-53248-8-6 
035 |a 35437 
040 |a vLex 
090 |c 12675  |d 12675 
100 1 |a Guacaneme P., Ramn̤ Eduardo 
245 1 0 |a Estatuto aduanero concordado  |h [Recurso electrn̤ico] /  |c Ramn̤ Eduardo Guacaneme P. 
256 |a Servicio en ln̕ea 
260 |a Bogot:̀  |b Grupo Editorial Nueva Legislacin̤,  |c 2021 
300 |a 1 recurso electrn̤ico 
506 1 |a Disponible solo en los productos indicados  |d vLex Global  |d vLex Global (Academic Edition, excluding Law Schools)  |d vLex Global (U.S. Academic Edition, Law Schools)  |d vLex Global (U.S. Academic Edition, excluding Law Schools)  |d vLex Global (Academic Edition, Law Schools) 
650 0 4 |a Derecho Fiscal  |z Colombia 
740 0 |a vLex Libros (Servicio en ln̕ea) 
856 4 0 |u https://app.vlex.com/#/sources/35437  |z Acceso restringido 
942 |c BOOK 
999 0 |a Tax Law